01014cam a2200325 a 4500001000700000003000500007005001700012008004100029010001700070020001500087020001900102025002100121035002100142040001300163042001000176043001200186050002600198082001800224245004700242260003600289300002200325520009600347546001300443600002200456650004400478700002100522880003700543880005200580880005600632195658Nust20170726114817.0990527s1998 pk 000 0burdo  a 98930883  a9690014226 a978-9690014221 aP-U-98930883; 06 a(DLC) 98930883 aDLCcDLC alcode aa-pk---00aPK2200.M823bM82 1998 a891.4391bBEL00aMuftī Jī /c[murattib] Abdāl Belā. aLāhore :bFīrozsanz,c1998. a1583 p. ;c23 cm. aCommemorative volume on the life and works of Mumtāz Muftī, noted Urdu poet and writer. aIn Urdu.00aMumtāz Muftī. 0aAuthors, Urduy20th centuryxBiography.1 aBelā, Abdāl. 6100-01\(3\raابدال بیلا 6245-02\(3\raمفتی جیcابدال بیلا 6260-03\(3\raلاہور:bفیروز سنز،c1998